000 00342nam a2200157Ia 4500
100 _aSilva/Victor Dias da
650 _aMechanics
942 _cBK
366 _f25
245 _aMechanics and strength of materials
260 _bSpringer
_c2006
082 _a620.112
_bSIL
300 _a529
546 _aENGLISH
_cInfo.Tech
999 _c24430
_d24430